Inflación y crisis monetaria internacional /

Gardado en:
Detalles Bibliográficos
Autor Principal: Zarifian, Philippe
Outros autores: Myro, Rafael trad
Formato: Texto
Publicado: Madrid: H. Blume Ediciones
Etiquetas: Engadir etiqueta
Sen Etiquetas, Sexa o primeiro en etiquetar este rexistro!

MARC

LEADER 00000 a a2200000 04500
001 22219
003
040
020 |a 84-7214-150-0  
090 |a 150700  
100 |a Zarifian, Philippe  
245 |a Inflación y crisis monetaria internacional /  |c Philippe Zarifian 
260 |a Madrid:   |b H. Blume Ediciones  
300 |a 368 p  
700 |a Myro, Rafael   |a trad  
999 |c 5280  |d 5280